[Event "Saratov"]
[Site "Saratov"]
[Date "2008.08.20"]
[Round "10"]
[White "Cherepov, Alexej"]
[Black "Khaiminov, Alexandr"]
[Result "0-1"]
[WhiteElo "2218"]
[BlackElo "2271"]
[PlyCount "54"]
[EventDate "2008.08.11"]
[EventType "tourn"]
[EventRounds "11"]
[EventCountry "RUS"]
[EventCategory "4"]
[SourceTitle "EXT 2010"]
[Source "ChessBase"]
[SourceDate "2010.11.25"]
[SourceVersion "1"]
[SourceVersionDate "2010.11.25"]
[SourceQuality "1"]

1. d4 Nf6 2. Nf3 g6 3. Nc3 d5 4. e3 Bg7 5. Bb5+ c6 6. Be2 0-0 7. 0-0 Nbd7 8. b3 Qc7 9. Bb2 e5 10. dxe5 Nxe5 11. Kh1 Neg4 12. g3 Ne4 13. Qe1 Qa5 14. Nd4 Ngxf2+ 15. Rxf2 Nxf2+ 16. Qxf2 c5 17. Nxd5 Qd8 18. e4 Be6 19. Bc4 b5 20. Nxb5 Bxb2 21. Rf1 a6 22. Nbc7 Bd4 23. Qf4 Ra7 24. a4 Bxd5 25. Nxd5 a5 26. h4 Qb8 27. Qg4 Qc8 0-1

[Event "Saratov"]
[Site "Saratov"]
[Date "2008.08.19"]
[Round "9"]
[White "Khaiminov, Alexandr"]
[Black "Onoprijchuk, Boris"]
[Result "1-0"]
[WhiteElo "2271"]
[BlackElo "2366"]
[PlyCount "295"]
[EventDate "2008.08.11"]
[EventType "tourn"]
[EventRounds "11"]
[EventCountry "RUS"]
[EventCategory "4"]
[SourceTitle "EXT 2010"]
[Source "ChessBase"]
[SourceDate "2010.11.25"]
[SourceVersion "1"]
[SourceVersionDate "2010.11.25"]
[SourceQuality "1"]

1. e4 c5 2. Nf3 e6 3. d4 cxd4 4. Nxd4 a6 5. Nc3 Qc7 6. g3 Nc6 7. Bg2 Nf6 8. 0-0 Bc5 9. Nxc6 dxc6 10. Na4 Ba7 11. c4 Nd7 12. b4 b5 13. Nb2 0-0 14. c5 a5 15. a3 e5 16. Qh5 Rd8 17. Nd1 Bb8 18. Rb1 axb4 19. axb4 Nf8 20. Ne3 f6 21. Nf5 Qf7 22. Qg4 Kh8 23. Rd1 Rxd1+ 24. Qxd1 Bc7 25. Nd6 Bxd6 26. cxd6 Bd7 27. Be3 Qa2 28. h4 Ra3 29. Qc1 Kg8 30. Qb2 Qxb2 31. Rxb2 Kf7 32. Kh2 Ra4 33. f4 Ra3 34. Bc5 exf4 35. gxf4 Ng6 36. Rf2 Nxh4 37. f5 g5 38. fxg6+ hxg6 39. e5 Nf5 40. e6+ Kxe6 41. Bh3 Kf7 42. Bg4 Rd3 43. Re2 Be6 44. Bxf5 Bxf5 45. Re7+ Kg8 46. Rc7 g5 47. Rxc6 g4 48. Rc7 g3+ 49. Kg2 Be4+ 50. Kh3 g2+ 51. Kh2 Bf5 52. Kxg2 Be6 53. Kf2 Bg4 54. Rb7 Be6 55. Rxb5 Kf7 56. Rb7+ Kg6 57. Re7 Bc4 58. Rb7 Kf5 59. Re7 Kf4 60. Be3+ Kf5 61. Bc5 Kf4 62. Be3+ Kf5 63. Rc7 Be6 64. b5 Rxd6 65. b6 Bd5 66. b7 Bxb7 67. Rxb7 Ke4 68. Rb4+ Kf5 69. Kf3 Ra6 70. Rb5+ Kg6 71. Kg4 Ra4+ 72. Bf4 Rc4 73. Rd5 Ra4 74. Rb5 Rc4 75. Kf3 Rc3+ 76. Be3 Rc6 77. Bd4 Rd6 78. Ke4 Re6+ 79. Kd5 Ra6 80. Rb2 Ra5+ 81. Bc5 Kf7 82. Rg2 Rb5 83. Rf2 Ra5 84. Rf4 Ra6 85. Re4 Kg6 86. Bd6 Kf7 87. Re7+ Kg6 88. Rb7 Ra1 89. Bc5 Ra5 90. Rb6 Kf7 91. Rc6 Rb5 92. Ke4 Rb1 93. Be3 Kg6 94. Re6 Kf7 95. Ra6 Kg6 96. Ra2 Kf7 97. Bd4 Re1+ 98. Kf5 Rf1+ 99. Bf2 Kg7 100. Ke6 Kg6 101. Re2 Rc1 102. Bg3 Kg5 103. Bd6 Rc4 104. Be7 Rc6+ 105. Kf7 Kf5 106. Rf2+ Ke5 107. Bxf6+ Ke4 108. Kg6 Ra6 109. Rh2 Ra5 110. Rh4+ Ke3 111. Rb4 Rd5 112. Kf7 Rd6 113. Be5 Ra6 114. Ke7 Kd3 115. Bd6 Rc6 116. Ke6 Ra6 117. Kd5 Ra5+ 118. Bc5 Ra8 119. Rb3+ Ke2 120. Bd4 Re8 121. Be5 Rd8+ 122. Ke4 Rd7 123. Rb8 Re7 124. Rb2+ Ke1 125. Kd4 Re8 126. Bf4 Rd8+ 127. Ke4 Re8+ 128. Kf3 Kd1 129. Rd2+ Ke1 130. Rc2 Rd8 131. Rc4 Rd7 132. Rc8 Rd3+ 133. Be3 Rd7 134. Rh8 Kd1 135. Rc8 Ke1 136. Rc3 Rd8 137. Rc5 Rd7 138. Bg5 Rd3+ 139. Ke4 Rd7 140. Rc2 Kd1 141. Rf2 Ke1 142. Rh2 Kd1 143. Be3 Re7+ 144. Kd3 Rd7+ 145. Bd4 Re7 146. Rh6 Re8 147. Rd6 Ke1 148. Ra6 1-0

[Event "Saratov"]
[Site "Saratov"]
[Date "2008.08.18"]
[Round "8"]
[White "Belenov, Dmitry N"]
[Black "Khaiminov, Alexandr"]
[Result "0-1"]
[WhiteElo "2347"]
[BlackElo "2271"]
[PlyCount "82"]
[EventDate "2008.08.11"]
[EventType "tourn"]
[EventRounds "11"]
[EventCountry "RUS"]
[EventCategory "4"]
[SourceTitle "EXT 2010"]
[Source "ChessBase"]
[SourceDate "2010.11.25"]
[SourceVersion "1"]
[SourceVersionDate "2010.11.25"]
[SourceQuality "1"]

1. d4 d5 2. c4 c6 3. Nc3 Nf6 4. e3 a6 5. Bd3 b5 6. b3 Bg4 7. Nge2 Bh5 8. Qc2 Bg6 9. Nf4 Bxd3 10. Nxd3 e6 11. c5 a5 12. Ne5 Nfd7 13. f4 Nxe5 14. fxe5 Qh4+ 15. g3 Qh3 16. Bd2 Be7 17. 0-0-0 f6 18. exf6 Bxf6 19. e4 0-0 20. e5 Be7 21. Qd3 Nd7 22. Ne2 g5 23. Be3 a4 24. b4 Rf7 25. Qd2 h6 26. Ng1 Qg4 27. h4 Raf8 28. hxg5 Bxg5 29. Bxg5 Rf2 30. Bf4 Rxd2 31. Rxd2 h5 32. Rf2 Qg6 33. Rfh2 Qd3 34. Ne2 a3 35. Bd2 Rf3 36. Nf4 Rf1+ 37. Rxf1 Qxf1+ 38. Kc2 Qc4+ 39. Kd1 Qxa2 40. Ne2 Qb3+ 41. Ke1 a2 0-1

[Event "Saratov"]
[Site "Saratov"]
[Date "2008.08.12"]
[Round "2"]
[White "Khaiminov, Alexandr"]
[Black "Shlegin, Stanislav"]
[Result "0-1"]
[WhiteElo "2271"]
[BlackElo "2291"]
[PlyCount "86"]
[EventDate "2008.08.11"]
[EventType "tourn"]
[EventRounds "11"]
[EventCountry "RUS"]
[EventCategory "4"]
[SourceTitle "EXT 2010"]
[Source "ChessBase"]
[SourceDate "2010.11.25"]
[SourceVersion "1"]
[SourceVersionDate "2010.11.25"]
[SourceQuality "1"]

1. e4 g6 2. d4 Bg7 3. Nc3 d6 4. h3 Nc6 5. Nge2 e5 6. Be3 Nf6 7. g3 0-0 8. Bg2 exd4 9. Nxd4 Re8 10. 0-0 Ne5 11. b3 c6 12. Nde2 Qc7 13. f4 Ned7 14. Qd2 b5 15. a3 a5 16. e5 dxe5 17. Nxb5 cxb5 18. Bxa8 e4 19. Nd4 Ba6 20. Bc6 Rb8 21. Bxd7 Qxd7 22. Kh2 Nd5 23. Rfd1 Bc8 24. g4 h5 25. f5 hxg4 26. hxg4 Bb7 27. c3 Qe7 28. Kh3 Be5 29. c4 Nxe3 30. Qxe3 Kg7 31. g5 Rh8+ 32. Kg2 Rh2+ 33. Kg1 Kh7 34. Rd2 Rh4 35. Rg2 Qd7 36. Rd1 gxf5 37. Qf2 Rf4 38. Qe3 Rf3 39. g6+ fxg6 40. Qg5 Bxd4+ 41. Rxd4 Qxd4+ 42. Kh2 Qd6+ 43. Kg1 Rh3 0-1

[Event "EU-ch U18"]
[Site "Herceg Novi"]
[Date "2005.09.23"]
[Round "9"]
[White "Khaiminov, Alexandr"]
[Black "Jarvinen, Rauno"]
[Result "1-0"]
[WhiteElo "2224"]
[BlackElo "1981"]
[PlyCount "137"]
[EventDate "2005.09.14"]
[EventType "swiss"]
[EventRounds "9"]
[EventCountry "YUG"]
[SourceTitle "CBM 108 Extra"]
[Source "ChessBase"]
[SourceDate "2005.11.04"]
[SourceVersion "1"]
[SourceVersionDate "2005.11.04"]
[SourceQuality "1"]

1. e4 c5 2. Nf3 d6 3. Bb5+ Bd7 4. Bxd7+ Qxd7 5. c4 Nf6 6. Nc3 Nc6 7. 0-0 g6 8. d4 cxd4 9. Nxd4 Bg7 10. Nde2 0-0 11. f3 Rfd8 12. Bg5 h6 13. Be3 Kh7 14. Qd2 e6 15. Rfd1 Ne7 16. Rac1 b6 17. b3 d5 18. cxd5 exd5 19. e5 Ne8 20. f4 f6 21. exf6 Nxf6 22. Bd4 Ne4 23. Qd3 Nc5 24. Bxc5 bxc5 25. Ne4 Bd4+ 26. Qxd4 cxd4 27. Nf6+ Kg7 28. Nxd7 Rxd7 29. Nxd4 Kf6 30. g4 g5 31. f5 h5 32. h3 hxg4 33. hxg4 a5 34. Re1 Ra6 35. Rc2 Rb7 36. Rh2 Ng8 37. Re8 Kf7 38. Re6 Rxe6 39. Nxe6 Rb4 40. Nxg5+ Ke7 41. Re2+ Kd7 42. Ne6 Rxg4+ 43. Rg2 Nh6 44. Rxg4 Nxg4 45. Nd4 Kd6 46. Kg2 Ke5 47. Kf3 Nh6 48. Nc6+ Kd6 49. Nxa5 Nxf5 50. Kf4 Ne7 51. b4 Nc8 52. Ke3 Nb6 53. Kd4 Na4 54. a3 Nb6 55. b5 Na4 56. Nb3 Nb2 57. Kc3 Nc4 58. Kb4 Ne3 59. Nd4 Ke5 60. b6 Kd6 61. a4 Nc4 62. a5 Kd7 63. Kb5 Nd6+ 64. Ka6 Kc8 65. Nc6 d4 66. Nxd4 Kb8 67. Ne6 Ka8 68. Nc5 Kb8 69. b7 1-0

[Event "EU-ch U18"]
[Site "Herceg Novi"]
[Date "2005.09.20"]
[Round "6"]
[White "Khaiminov, Alexandr"]
[Black "Fossati, Remigio"]
[Result "1-0"]
[WhiteElo "2224"]
[BlackElo "2133"]
[PlyCount "99"]
[EventDate "2005.09.14"]
[EventType "swiss"]
[EventRounds "9"]
[EventCountry "YUG"]
[SourceTitle "CBM 108 Extra"]
[Source "ChessBase"]
[SourceDate "2005.11.04"]
[SourceVersion "1"]
[SourceVersionDate "2005.11.04"]
[SourceQuality "1"]

1. e4 c5 2. Nf3 Nc6 3. Bb5 d6 4. 0-0 Bd7 5. Re1 Nf6 6. c3 a6 7. Bf1 Bg4 8. d4 cxd4 9. cxd4 d5 10. e5 Nd7 11. h3 Bxf3 12. Qxf3 Nxd4 13. Qd3 Nc6 14. Qxd5 e6 15. Qb3 Qc7 16. f4 Qb6+ 17. Qxb6 Nxb6 18. Nc3 Nb4 19. Rd1 Be7 20. a3 N4d5 21. Nxd5 Nxd5 22. Bd3 0-0-0 23. Kf2 Rd7 24. Ke2 Rhd8 25. g3 h5 26. h4 Bc5 27. Bd2 Bb6 28. b4 Ne7 29. Be4 Nf5 30. Be1 Rxd1 31. Rxd1 Rxd1 32. Kxd1 Ne3+ 33. Ke2 Ng4 34. Bf3 g6 35. a4 Kc7 36. Bc3 Bg1 37. Kf1 Be3 38. Be2 Kc6 39. b5+ axb5 40. Bxb5+ Kc7 41. Bb4 Bd4 42. Ke2 Bg1 43. Be7 Bf2 44. Kf3 Be1 45. Bg5 Nh2+ 46. Kg2 Ng4 47. Be8 Ne3+ 48. Kh3 Nf5 49. Bxf7 Bxg3 50. Bxg6 1-0

[Event "BLR-ch U20"]
[Site "Minsk"]
[Date "2005.04.11"]
[Round "4"]
[White "Khaiminov, Alexandr"]
[Black "Maiorov, Nikita"]
[Result "0-1"]
[WhiteElo "2245"]
[BlackElo "2449"]
[PlyCount "78"]
[EventDate "2005.04.08"]
[EventType "tourn"]
[EventRounds "9"]
[EventCountry "BLR"]
[EventCategory "2"]
[SourceTitle "CBM 105 Extra"]
[Source "ChessBase"]
[SourceDate "2005.05.01"]
[SourceVersion "1"]
[SourceVersionDate "2005.05.01"]
[SourceQuality "1"]

1. e4 e5 2. Nf3 Nc6 3. Bb5 Nf6 4. 0-0 Nxe4 5. d4 Nd6 6. Bxc6 dxc6 7. dxe5 Nf5 8. Qxd8+ Kxd8 9. Nc3 Ne7 10. b3 Ng6 11. h3 h6 12. Ne2 c5 13. c4 Kd7 14. Bb2 Kc6 15. Nh2 Be7 16. Rad1 h5 17. f4 Nh4 18. g4 hxg4 19. hxg4 f5 20. exf6 gxf6 21. f5 Bxf5 22. Ng3 Bc2 23. Rd2 Bd6 24. Rxf6 Bb1 25. Be5 Rad8 26. Nh5 Rhf8 27. Rxf8 Rxf8 28. Bxd6 cxd6 29. Rb2 Be4 30. Ng3 Bd3 31. Rd2 Bh7 32. g5 Rf3 33. Ngf1 Rf5 34. Ne3 Rxg5+ 35. Kf2 Be4 36. Nhf1 Nf3 37. Rd1 Ne5 38. Nh2 Nd3+ 39. Ke2 Nb4 0-1

[Event "BLR-ch U20"]
[Site "Minsk"]
[Date "2005.04.10"]
[Round "3"]
[White "Garaev, Sergei"]
[Black "Khaiminov, Alexandr"]
[Result "1/2-1/2"]
[WhiteElo "2293"]
[BlackElo "2245"]
[PlyCount "66"]
[EventDate "2005.04.08"]
[EventType "tourn"]
[EventRounds "9"]
[EventCountry "BLR"]
[EventCategory "2"]
[SourceTitle "CBM 105 Extra"]
[Source "ChessBase"]
[SourceDate "2005.05.01"]
[SourceVersion "1"]
[SourceVersionDate "2005.05.01"]
[SourceQuality "1"]

1. d4 d5 2. c4 c6 3. Nf3 Nf6 4. Nc3 a6 5. e3 b5 6. b3 Bg4 7. Be2 e6 8. 0-0 Bd6 9. Ne5 Bxe2 10. Qxe2 Qc7 11. f4 b4 12. Nd1 Ne4 13. Nf2 Nxf2 14. Rxf2 Nd7 15. e4 Nf6 16. exd5 cxd5 17. c5 Bxe5 18. fxe5 Ne4 19. Rf3 0-0 20. Bd2 a5 21. a3 Nxd2 22. Qxd2 Rab8 23. a4 f6 24. exf6 Rxf6 25. Rxf6 gxf6 26. Rf1 Rf8 27. Qe2 e5 28. Qg4+ Kh8 29. Qe6 exd4 30. Rxf6 Qxc5 31. Rxf8+ Qxf8 32. Qe5+ Qg7 33. Qxd5 Qg4 1/2-1/2